E Quiz - Statistics

General Stats
  • This quiz has been taken 16 times
  • The average score is 7 of 15
Answer Stats
Question Answer % Correct
What is Ethans favorite sport? C team basketball
100%
What is Ethans favorite class? Gym
67%
If so, who? Ruby
67%
What is Ethans favorite saying? Skibiti
67%
Is Ethan talking to someone currently? Yes
67%
What Ethans favorite place to spend his leisure time? YMCA
67%
What is Ethans bench? 225
33%
What is Ethans favorite fortnite skin? GorillaMan
33%
Is Ethan known for doing things at the YMCA? Most definitely
33%
Does Ethan have ched? No
33%
What is Ethans gem stone? Ruby
33%
What type of bus does Ethans mom drive? School
33%
What car is Ethan obsessed with? Smart Car
33%
How many pets does Ethan have 4
0%
What is Ethans favorite video game? Siege
0%
No matching quizzes found
Score Distribution
Percent of People with Each Score
Percentile by Number Answered
Your Score History
You have not taken this quiz